000 00389nam a2200181Ia 4500
003 0STCL
008 150530s9999 xx 000 0 und d
040 _aSTCL
_cSTCL
100 _aAndrew Greeley, M
245 _aAngels of September
250 _a1
260 _c1987
_aNew York
300 _a0
546 _aEnglish
942 _2ddc
_cBK
999 _c67871
_d67871
005 20220125171350.0